Queen's speech (Record no. 71565)

MARC details
000 -LEADER
fixed length control field 00851cam a2200229 4500
001 - CONTROL NUMBER
control field WB3842-16
008 - FIXED-LENGTH DATA ELEMENTS--GENERAL INFORMATION
fixed length control field 021114n2002 000 0 eng u
035 ## - SYSTEM CONTROL NUMBER
System control number (Sirsi) u120450
245 ## - TITLE STATEMENT
Title Queen's speech
260 ## - PUBLICATION, DISTRIBUTION, ETC.
Date of publication, distribution, etc. 2002
490 ## - SERIES STATEMENT
Series statement RICS Planning & Development Faculty News
Volume/sequential designation 13 November 2002 (1)
520 ## - SUMMARY, ETC.
Summary, etc. The Queen's Speech announced government's commitment towards the planning and development agenda by the introduction of a Planning and Compulsory Purchase Bill for the new parliamentary session. http://www.rics.org/ricscms/bin/show?class=News&template=/includes/shownews.html&id=4170.
590 ## - LOCAL NOTE (RLIN)
Local note WB
650 ## - SUBJECT ADDED ENTRY--TOPICAL TERM
Topical term or geographic name entry element QUEENS SPEECH
650 ## - SUBJECT ADDED ENTRY--TOPICAL TERM
Topical term or geographic name entry element HOME INFORMATION PACKS
650 ## - SUBJECT ADDED ENTRY--TOPICAL TERM
Topical term or geographic name entry element Compulsory purchase
9 (RLIN) 6228
650 ## - SUBJECT ADDED ENTRY--TOPICAL TERM
Topical term or geographic name entry element HOUSING BILL 2003
650 ## - SUBJECT ADDED ENTRY--TOPICAL TERM
Topical term or geographic name entry element GAZUMPING
650 ## - SUBJECT ADDED ENTRY--TOPICAL TERM
Topical term or geographic name entry element RICS
690 ## - LOCAL SUBJECT ADDED ENTRY--TOPICAL TERM (OCLC, RLIN)
Topical term or geographic name as entry element LEGISLATION
942 ## - ADDED ENTRY ELEMENTS (KOHA)
Suppress in OPAC 0
Holdings
Withdrawn status Lost status Source of classification or shelving scheme Damaged status Not for loan Home library Current library Shelving location Date acquired Total Checkouts Full call number Barcode Date last seen Copy number Price effective from Koha item type
    Dewey Decimal Classification     London London News article 14/11/2002   WB3842-16 120450-1001 06/08/2019 1 06/08/2019 News article